| 000 | 00398nam a2200181Ia 4500 | ||
|---|---|---|---|
| 003 | OSt | ||
| 005 | 20251107101449.0 | ||
| 008 | 250729s2005 xx 000 0 und d | ||
| 040 | _cAL | ||
| 041 | _aeng | ||
| 082 | _a530.1 YOUF | ||
| 100 |
_aYoung M S _9224019 |
||
| 245 | _aFun with Science | ||
| 260 |
_aNew Delhi _c2005 |
||
| 300 | _a104p | ||
| 650 |
_aScience _9224020 |
||
| 942 |
_2ddc _cBED |
||
| 999 |
_c236201 _d236201 |
||